| 000 | 00550nam a2200193 a 4500 | ||
|---|---|---|---|
| 005 | 20210219152821.0 | ||
| 008 | 991125n 000 0 eng u | ||
| 035 | _aUPN01000062272 | ||
| 100 | _aMcAuliffe, Garrett J. | ||
| 222 | _aCOUNSELOR EDUCATION AND SUPERVISION | ||
| 245 | _aA case presentation approach to group supervision for community college counselors | ||
| 300 | _a163-174 | ||
| 362 | _a1992 31, no. 3 | ||
| 653 | 0 | _aASESORES | |
| 653 | 0 | _aCONSEJO AL GRUPO | |
| 653 | 0 | _aSUPERVISION | |
| 904 |
_aAC _b000083 |
||
| 905 | _aArticulo | ||
| 999 |
_c61619 _d61619 |
||